000 00483nam a2200169 4500
001 122319
003 ES-MaACL
005 20251018063103.0
007 t|
008 070214s1961 sp r ||||1| cat d
100 1 _aPous i Pagès, Josep,
_d1873-1952
_993468
245 1 0 _aTot la saviesa d'aquest mon /
_cJosé Pous y Pagés.
260 _aBarcelona :
_bRauter,
_c1961.
300 _a225 p. ;
_c18 cm.
852 _aES-MaACL
_jC-20827
_bR.49404
999 _c122319
_d122319